LIBRARY ONLINE CATALOGUE

Effect of credit risk management practices on loan performance of women enterprise fund in Kenya (Record no. 18780)

MARC details
000 -LEADER
fixed length control field 00499nam a22001217a 4500
008 - FIXED-LENGTH DATA ELEMENTS--GENERAL INFORMATION
fixed length control field 210211b xxu||||| |||| 00| 0 eng d
050 ## - LIBRARY OF CONGRESS CALL NUMBER
Classification number GMB0172
Item number .S85 2018 c.1
100 ## - MAIN ENTRY--PERSONAL NAME
Personal name Sungunya Dorcas Jepkosgei
245 ## - TITLE STATEMENT
Title Effect of credit risk management practices on loan performance of women enterprise fund in Kenya
Remainder of title a survey of women groups in Nakuru town sub-county
Statement of responsibility, etc. Dorcas Jepkosgei Sungunya
260 ## - PUBLICATION, DISTRIBUTION, ETC. (IMPRINT)
Place of publication, distribution, etc. Kabarak, Nakuru, Kenya
Name of publisher, distributor, etc. Kabarak University
Date of publication, distribution, etc. 2018
300 ## - PHYSICAL DESCRIPTION
Extent 64 leaves
942 ## - ADDED ENTRY ELEMENTS (KOHA)
Source of classification or shelving scheme Library of Congress Classification
Koha item type Thesis, Dissertation and Projecs
Holdings
Withdrawn status Lost status Source of classification or shelving scheme Not for loan Home library Current library Date acquired Total Checkouts Full call number Barcode Date last seen Price effective from Koha item type
    Library of Congress Classification   Kabarak, Main Campus Kabarak, Main Campus 11/02/2021   GMB0172 .S85 2018 c.1 029465 11/02/2021 11/02/2021 Thesis, Dissertation and Projecs
    Library of Congress Classification   Kabarak, Main Campus Kabarak, Main Campus 11/02/2021   GMB0172 .S85 2018 c.2 029498 11/02/2021 11/02/2021 Thesis, Dissertation and Projecs